000 00199pam a2200097 a 4500
020 _c
041 _aeng
100 _aLovelock J.
245 _aDonne:Songs And Sonets
_hTextual Documents
930 _a5968
999 _c82884
_d82884